LEADER 01004cam2 22002893 450 001 SOB000000834 005 20220623065626.0 010 $a8813165242 100 $a20010125d1988 |||||ita|0103 ba 101 $aita 102 $aIT 200 1 $a<<1: Le >>sponsorizzazioni$fMaria Vita De Giorgi 210 $aPadova$cCEDAM$d1988 215 $aVIII, 176 p.$d24 cm 225 2 $aLe monografie di Contratto e Impresa$v8 410 1$1001LAEC00015405$12001 $a*Le monografie di Contratto e Impresa$v8 461 1$1001SOBE00072504$12000 $aSponsorizzazione e mecenatismo / Maria Vita De Giorgi 700 1$aDe_Giorgi$b, Maria Vita$3AF00008594$4070$0264228 801 0$aIT$bUNISOB$c20220623$gRICA 850 $aUNISOB 852 $aUNISOB$j340$m93892 912 $aSOB000000834 940 $aM 102 Monografia moderna SBN 941 $aM 957 $a340$b001417$gSI$d93892$rACQUISTO$1bethb$2UNISOB$3UNISOB$420121212132841.0$520121212132900.0$6bethb 996 $aSponsorizzazioni$9886245 997 $aUNISOB